| 000 | 00908cam a22001934a 4500 | ||
|---|---|---|---|
| 005 | 20250605164226.0 | ||
| 008 | 250528s ||||||||||||||||||||||||d | ||
| 035 | _a20860 | ||
| 020 | _a9789602192818 | ||
| 040 |
_aGR-AtMCL _bgre _dGR-AtMCL _eAACR2 |
||
| 245 | 1 | _aΜαζί / Λογοτεχνία για Νέους | |
| 260 |
_bΚαλέντης, _c2013 |
||
| 300 | _a160 | ||
| 520 | _aΜία ιστορία που προβάλλει το θέμα της σχολικής βίας και τις κοινωνικές διαστάσεις του. Συγκρούσεις, επιθέσεις, ταπείνωση, εκφοβισμός, παρενόχληση, βία: η πραγματικότητα της σχολικής ζωής μέσα από το σύγχρονο φαινόμενο του bullying. | ||
| 700 | 1 |
_aΠριοβόλου Ελένη _96836 |
|
| 942 | _cBK | ||
| 999 |
_c5941 _d5941 |
||